000 00882nam a2200205 a 4500
001 000027575
005 20200930030932.0
008 110401s2004 dr 000 0 spa d
020 _a9945000209
040 _aDO-SdBNP
_bspa
_cBNPHU
082 _axxxx
_bM662i
100 1 _aMimenza Aurrecoechea, Ander
_954670
245 1 0 _aInvestigación de mercado /
_cAnder Mimenza Aurrecoechea.
260 _aSanto Domingo :
_bAlianza ONG, Programa de Fortalecimiento de Capacidades de Organizaciones sin Fines de Lucro en Gestión, marketing y tecnologías de la Información :
_bW. K. Kellogg Foundation,
_c2004.
300 _axii, 50 p. ;
_c23 cm.
490 1 _aManuales para el fortalecimiento de Organizaciones sin Fines de Lucro
_vno. 6
504 _aBibliografía : p. 49-50
830 0 _aManuales para el fortalecimiento de Organizaciones sin Fines de Lucro
_v6
_954672
049 _aBNPD
999 _c27067
_d27067